000
00235nam a2200097Ia 4500
008
190216s9999||||xx |||||||||||||| ||und||
100
_a
Null
245
0
_a
Hindi-Hindi Kahani Book Naye Drishti
260
_b
Samayik Prakashan
942
_c
BK
999
_c
17517
_d
17517